000 00616nam a2200253Ia 4500
003 OSt
005 20221007103351.0
006 a|||||r|||| 00| 0
007 ta
008 221006b |||||||| |||| 00| 0 hin d
024 _a12,950
037 _cTextual
040 _aLCO
_cLCO
_bhin
041 _2hin
_ahin
082 _aZ2,4, N4
100 _aPandey J.N.
245 0 _aApkraty Vidhi
250 _a10th
260 _aAllahabad
_bCentral Law Publications India
_c1994
300 _a379
650 _aLaw of Torts
942 _hZ2,4, N4
_cTEXL
999 _c1182513
_d1182513